| 000 | 00625nam a2200217Ia 4500 | ||
|---|---|---|---|
| 999 |
_c51246 _d51246 |
||
| 001 | 18206 | ||
| 003 | GE_BSU | ||
| 005 | 20240924122756.0 | ||
| 008 | 181216s2005||||enk|||||||||||||| ||eng|| | ||
| 020 | _a9780121755515x | ||
| 040 | _cGE_BSU | ||
| 080 | _a577.2 C-59 | ||
| 100 |
_aClark, David P. _923263 |
||
| 245 |
_aMolecular biology : _bUnderstanding the Genetic Revolution / _cDavid P. Clark. |
||
| 264 |
_aAmsterdam: _bElsevier, _c2005. |
||
| 300 |
_a784 p. _b29 cm. |
||
| 541 | _h111gel. | ||
| 653 | _aბიოლოგია | ||
| 653 | _aმოლეკულური ბიოლოგია | ||
| 942 |
_cBK _2udc |
||